[Event "Campionatul  National de sah pentru cop"]
[Site "Calimanesti-Caciulata"]
[Date "2015.04.05"]
[Round "8.4"]
[White "Dolana, Andrei Theodor"]
[Black "Patrascu, Catalin  Lucian"]
[Result "1/2-1/2"]
[WhiteElo "2350"]
[BlackElo "2174"]
[PlyCount "88"]
[EventDate "2015.03.30"]
[EventRounds "7"]

1. Nf3 e6 2. g3 b6 3. Bg2 Bb7 4. O-O Nf6 5. b3 Be7 6. Bb2 O-O 7. c4 d6 8. Nc3
Nbd7 9. Qc2 a6 10. e4 c5 11. d4 cxd4 12. Nxd4 Qc7 13. Rad1 Rac8 14. Qe2 Rfe8
15. f4 Bf8 16. Rfe1 e5 17. fxe5 dxe5 18. Nf5 Qc5+ 19. Kh1 b5 20. Ne3 bxc4 21.
Nxc4 Nb6 22. Ne3 Qa5 23. Rd3 Bb4 24. Ned1 Nbd7 25. Rf1 Nc5 26. Re3 Ne6 27. Nd5
Nxd5 28. exd5 Bxd5 29. Bxe5 Bxg2+ 30. Qxg2 Rcd8 31. Bc3 Bxc3 32. Nxc3 Qc5 33.
Rfe1 Re7 34. b4 Qc4 35. Qe4 Qxe4+ 36. Nxe4 Rb7 37. a3 h6 38. Kg2 Rc7 39. Kf2
Rd4 40. Rc3 Rxc3 41. Nxc3 Rd3 42. Re3 Rd2+ 43. Re2 Rd3 44. Re3 Rd2+ 1/2-1/2

[Event "Campionatul  National de sah pentru cop"]
[Site "Calimanesti-Caciulata"]
[Date "2015.04.06"]
[Round "9.3"]
[White "Banzea, Alexandru Bogdan"]
[Black "Patrascu, Catalin  Lucian"]
[Result "1/2-1/2"]
[WhiteElo "2143"]
[BlackElo "2174"]
[PlyCount "80"]
[EventDate "2015.03.30"]
[EventRounds "7"]

1. e4 c5 2. Nf3 d6 3. d4 cxd4 4. Nxd4 Nf6 5. Nc3 a6 6. Be3 e6 7. g4 h6 8. f3 b5
9. Qd2 Nbd7 10. O-O-O b4 11. Nce2 Qc7 12. h4 d5 13. Bh3 Nb6 14. g5 Nc4 15. Qd3
dxe4 16. fxe4 Ne5 17. Qb3 Nxe4 18. Bf4 Bd6 19. Rhf1 hxg5 20. Bxe5 Bxe5 21. Bxe6
fxe6 22. Nxe6 Qb7 23. Rd8+ Ke7 24. Rf7+ Kxf7 25. Nc5+ Kg6 26. Nxb7 Bxb7 27. Rd1
Rxh4 28. Qe6+ Bf6 29. Nd4 Rd8 30. Qf5+ Kh6 31. Qe6 Kg6 32. Nf5 Rxd1+ 33. Kxd1
Rh1+ 34. Ke2 Rh2+ 35. Ke3 Rh3+ 36. Ke2 Rh2+ 37. Ke3 Nc5 38. Ne7+ Kh6 39. Ng8+
Kg6 40. Ne7+ Kh6 1/2-1/2

[Event "Seacoast Trophy 2014"]
[Site "Eforie Nord ROU"]
[Date "2014.06.29"]
[Round "7.9"]
[White "Secheres, Adrian Simion"]
[Black "Patrascu, Catalin  Lucian"]
[Result "1/2-1/2"]
[WhiteElo "2197"]
[BlackElo "1999"]
[PlyCount "103"]
[EventDate "2014.06.24"]

1. d4 g6 2. c4 c5 3. d5 Bg7 4. Nc3 Bxc3+ 5. bxc3 f5 6. e4 fxe4 7. f3 Nf6 8.
fxe4 Qa5 9. Qc2 d6 10. Bd3 Nbd7 11. Nf3 Ng4 12. O-O Nde5 13. Be2 Bd7 14. h3
Nxf3+ 15. gxf3 Ne5 16. f4 Nf7 17. Kh2 O-O-O 18. Qd3 Rde8 19. e5 Bf5 20. Qg3 e6
21. dxe6 Rxe6 22. Bf3 dxe5 23. Bd5 Re7 24. fxe5 Rhe8 25. e6 Rxe6 26. Bxe6+ Rxe6
27. Bf4 Qa4 28. Rf2 Qc6 29. Rd1 Qe4 30. Rd5 b6 31. Rdd2 Re7 32. Rde2 Qxe2 33.
Rxe2 Rxe2+ 34. Kg1 Nd8 35. Qf3 Re4 36. Bh2 Ne6 37. h4 h5 38. Kf2 Kb7 39. Bg3
Ka6 40. a4 Kb7 41. Qd1 Nf4 42. Qd6 Nd3+ 43. Kf1 Re3 44. a5 Ka6 45. Qb8 Re6 46.
Bc7 Re1+ 47. Kg2 Re2+ 48. Kf3 Bg4+ 49. Kg3 Re3+ 50. Kh2 Re6 51. Kg1 Bf5 52. Bg3
1/2-1/2

[Event "Calimanesti ROM, Ch U16 (b) 2014"]
[Site "Calimanesti ROM"]
[Date "2014.04.06"]
[Round "1.6"]
[White "Patrascu, Catalin  Lucian"]
[Black "Ursan, Petru-Sebastian"]
[Result "1/2-1/2"]
[WhiteElo "2031"]
[BlackElo "1682"]
[PlyCount "85"]
[EventDate "2014.04.06"]
[EventType "swiss"]
[EventRounds "9"]
[EventCountry "ROM"]

1. e4 c5 2. Nf3 Nc6 3. d4 cxd4 4. Nxd4 g6 5. Nc3 Bg7 6. Be3 Nf6 7. Bc4 O-O 8.
Bb3 a5 9. O-O a4 10. Nxa4 Nxe4 11. Nb5 Ra6 12. Qe2 d5 13. Rad1 Be6 14. c4 d4
15. Nxd4 Nxd4 16. Bxd4 Bxd4 17. Qxe4 Rd6 18. Qxb7 Bxc4 19. Rfe1 Bxb3 20. Qxb3
Qc7 21. Nc3 Rb8 22. Qc2 Bxc3 23. bxc3 Rbd8 24. Rxd6 Rxd6 25. h3 Rc6 26. Re3 e5
27. Qb3 Rb6 28. Qd5 Rb1+ 29. Kh2 Rb2 30. Qxe5 Qxe5+ 31. Rxe5 Rxa2 32. Kg3 Ra4
33. Re2 Kg7 34. Kf3 Rc4 35. Rc2 Kf6 36. Ke3 Ke5 37. Kd3 Rc7 38. c4 f5 39. Re2+
Kd6 40. Kd4 Rd7 41. Rc2 Kc6+ 42. Ke5 Kc5 43. f4 1/2-1/2

[Event "Calimanesti ROM, Ch U16 (b) 2014"]
[Site "Calimanesti ROM"]
[Date "2014.04.07"]
[Round "2.7"]
[White "Dolana, Andrei Theodor"]
[Black "Patrascu, Catalin  Lucian"]
[Result "1-0"]
[WhiteElo "2187"]
[BlackElo "2031"]
[PlyCount "93"]
[EventDate "2014.04.06"]
[EventType "swiss"]
[EventRounds "9"]
[EventCountry "ROM"]

1. e4 e6 2. d4 d5 3. Nc3 Bb4 4. e5 c5 5. a3 Bxc3+ 6. bxc3 Qc7 7. Qg4 f5 8. Qg3
Nc6 9. Nf3 Nge7 10. Qxg7 Rg8 11. Qxh7 cxd4 12. Bf4 dxc3 13. Bd3 b6 14. O-O Bb7
15. Ng5 Nd8 16. Qh5+ Kd7 17. Nh7 Kc8 18. Nf6 Rg6 19. Ne8 d4 20. f3 Qc5 21. Nd6+
Kd7 22. Bg5 Qxe5 23. Bxe7 Qg7 24. Bf8 Rxg2+ 25. Kh1 Qxf8 26. Nxb7 Rd2 27. Nxd8
Rxd8 28. Qh7+ Kc6 29. Rfe1 Qd6 30. Qh6 Kd5 31. Rab1 a6 32. Rxe6 Rxh2+ 33. Qxh2
Qxe6 34. Bc4+ Kxc4 35. Qc7+ Kd5 36. Qxd8+ Kc5 37. Qc7+ Kd5 38. Qd8+ Kc5 39. Rd1
Qh6+ 40. Kg2 Qe3 41. Qf8+ Kc4 42. Qf7+ Kc5 43. Qxf5+ Kd6 44. Qd3 Qg5+ 45. Kf1
Kc7 46. Qxd4 Qb5+ 47. Qd3 1-0

[Event "Calimanesti ROM, Ch U16 (b) 2014"]
[Site "Calimanesti ROM"]
[Date "2014.04.08"]
[Round "3.11"]
[White "Timofciuc, Sebastian"]
[Black "Patrascu, Catalin  Lucian"]
[Result "0-1"]
[WhiteElo "1493"]
[BlackElo "2031"]
[PlyCount "88"]
[EventDate "2014.04.06"]
[EventType "swiss"]
[EventRounds "9"]
[EventCountry "ROM"]

1. d4 d5 2. Nf3 Nf6 3. Bf4 c5 4. e3 cxd4 5. exd4 Nc6 6. c3 Bg4 7. Be2 e6 8.
Nbd2 Bd6 9. Bxd6 Qxd6 10. h3 Bxf3 11. Nxf3 O-O 12. O-O Rab8 13. a4 Qc7 14. Re1
a6 15. Bd3 b5 16. axb5 axb5 17. Re2 b4 18. Rc2 Qb7 19. Ne5 Nxe5 20. dxe5 Nd7
21. Rac1 bxc3 22. bxc3 Qc7 23. f4 Qc5+ 24. Kh1 Qe3 25. Qf3 Qxf3 26. gxf3 Nc5
27. Be2 Rfc8 28. Ra1 g6 29. Kg2 Kg7 30. Raa2 Nd7 31. c4 dxc4 32. Rxc4 Rxc4 33.
Bxc4 Rb4 34. Ra7 Rxc4 35. Rxd7 Rxf4 36. Rd3 g5 37. Kg3 Kg6 38. Re3 Kf5 39. Re2
Rb4 40. Re1 Rb5 41. h4 Rxe5 42. Rxe5+ Kxe5 43. hxg5 Kf5 44. f4 e5 0-1

[Event "Calimanesti ROM, Ch U16 (b) 2014"]
[Site "Calimanesti ROM"]
[Date "2014.04.09"]
[Round "4.7"]
[White "Patrascu, Catalin  Lucian"]
[Black "Baciu, Alexandru"]
[Result "1-0"]
[WhiteElo "2031"]
[BlackElo "1782"]
[PlyCount "39"]
[EventDate "2014.04.06"]
[EventType "swiss"]
[EventRounds "9"]
[EventCountry "ROM"]

1. e4 c5 2. Nf3 g6 3. d4 Bg7 4. d5 d6 5. Nc3 Nf6 6. Bb5+ Nfd7 7. O-O O-O 8. a4
Na6 9. Re1 Nc7 10. Bg5 a6 11. Bxd7 Bxd7 12. e5 dxe5 13. d6 f6 14. dxc7 Qxc7 15.
Be3 b6 16. Nd5 Qd6 17. Nxb6 Qxb6 18. Qxd7 Qxb2 19. Qxe7 Qxc2 20. Qxc5 1-0

[Event "Calimanesti ROM, Ch U16 (b) 2014"]
[Site "Calimanesti ROM"]
[Date "2014.04.10"]
[Round "6.4"]
[White "Patrascu, Catalin  Lucian"]
[Black "Scripcaru, George Daniel"]
[Result "0-1"]
[WhiteElo "2031"]
[BlackElo "2014"]
[PlyCount "66"]
[EventDate "2014.04.06"]
[EventType "swiss"]
[EventRounds "9"]
[EventCountry "ROM"]

1. e4 g6 2. d4 Bg7 3. Nc3 c5 4. Nf3 Qa5 5. Be3 Nf6 6. Qd2 cxd4 7. Nxd4 Nc6 8.
f3 d6 9. O-O-O Bd7 10. Kb1 h5 11. h4 Rc8 12. Be2 a6 13. Nb3 Qc7 14. Bg5 Be6 15.
f4 Qb8 16. Rhf1 b5 17. f5 gxf5 18. exf5 Bc4 19. Bxf6 Bxf6 20. Ne4 Be5 21. f6 e6
22. Bd3 d5 23. Nec5 a5 24. Qg5 Qd6 25. Nb7 Qf8 26. N7xa5 Bb8 27. Nxc6 Rxc6 28.
Rfe1 Kd7 29. Nd4 Rb6 30. Nf3 Ke8 31. Ne5 Bd6 32. Qe3 Bc7 33. b3 Rg8 0-1

[Event "Calimanesti ROM, Ch U16 (b) 2014"]
[Site "Calimanesti ROM"]
[Date "2014.04.11"]
[Round "7.6"]
[White "Voicu, Gabriel"]
[Black "Patrascu, Catalin  Lucian"]
[Result "0-1"]
[WhiteElo "1839"]
[BlackElo "2031"]
[PlyCount "61"]
[EventDate "2014.04.06"]
[EventType "swiss"]
[EventRounds "9"]
[EventCountry "ROM"]

1. e4 c5 2. Nf3 d6 3. d4 cxd4 4. Nxd4 Nf6 5. Nc3 a6 6. h3 Nc6 7. g4 e6 8. Bg2
Be7 9. Be3 Qc7 10. O-O O-O 11. a4 Rb8 12. f4 Nxd4 13. Qxd4 b6 14. Qd2 Bb7 15.
g5 Nd7 16. Qf2 f5 17. exf5 Rxf5 18. Qg3 Bxg2 19. Qxg2 d5 20. Qg4 Bc5 21. Nxd5
exd5 22. Qxf5 Bxe3+ 23. Kh2 d4 24. Qe4 Rf8 25. Kg3 Nc5 26. Qd5+ Kh8 27. Qe5
Bxf4+ 28. Qxf4 Rxf4 29. Rxf4 Ne6 30. Raf1 Nxf4 31. Rxf4 0-1

[Event "Calimanesti ROM, Ch U16 (b) 2014"]
[Site "Calimanesti ROM"]
[Date "2014.04.12"]
[Round "8.6"]
[White "Patrascu, Catalin  Lucian"]
[Black "Tiron, Lucian Ilie"]
[Result "1-0"]
[WhiteElo "2031"]
[BlackElo "1913"]
[PlyCount "99"]
[EventDate "2014.04.06"]
[EventType "swiss"]
[EventRounds "9"]
[EventCountry "ROM"]

1. e4 e6 2. d4 d5 3. Nd2 Nc6 4. Ngf3 Nf6 5. e5 Nd7 6. Nb3 f6 7. Bb5 a5 8. a4
Bb4+ 9. c3 Be7 10. exf6 Bxf6 11. Qe2 Kf7 12. O-O Re8 13. Bf4 Kg8 14. Rfe1 Nf8
15. Nc5 Re7 16. Bxc6 bxc6 17. Be5 Ng6 18. Qd2 Qf8 19. Re3 h6 20. Rae1 Qf7 21.
Qe2 Rb8 22. h3 Bg5 23. Nxg5 hxg5 24. Rf3 Qe8 25. Qd2 Rf7 26. Rxf7 Qxf7 27. b3
Qe7 28. Re3 Kh7 29. Qe2 Kg8 30. Rg3 Nf4 31. Bxf4 gxf4 32. Rf3 Qf6 33. Qe5 Qxe5
34. dxe5 Rb6 35. Rxf4 Ba6 36. b4 Bc4 37. bxa5 Rb8 38. Nxe6 Re8 39. Nxc7 Re7 40.
Na8 Rxe5 41. Nb6 Re1+ 42. Kh2 Ba6 43. Nd7 Re7 44. Rf8+ Kh7 45. Nc5 Ra7 46. Rb8
Bc4 47. Rb6 Rxa5 48. Rxc6 Ra7 49. Kg3 Re7 50. a5 1-0

[Event "Calimanesti ROM, Ch U16 (b) 2014"]
[Site "Calimanesti ROM"]
[Date "2014.04.13"]
[Round "9.1"]
[White "Patrascu, Catalin  Lucian"]
[Black "Nastase, Robert Paul"]
[Result "0-1"]
[WhiteElo "2031"]
[BlackElo "2107"]
[PlyCount "112"]
[EventDate "2014.04.06"]
[EventType "swiss"]
[EventRounds "9"]
[EventCountry "ROM"]

1. e4 c5 2. Nf3 Nc6 3. d4 cxd4 4. Nxd4 Nf6 5. Nc3 e5 6. Ndb5 d6 7. Bg5 a6 8.
Na3 Be6 9. Bxf6 gxf6 10. Nc4 Rc8 11. Ne3 Bh6 12. Ncd5 f5 13. exf5 Bxd5 14. Nxd5
Nd4 15. Bd3 Qa5+ 16. Nc3 d5 17. O-O Bg7 18. Re1 Kf8 19. Qh5 Qc5 20. Re3 Qd6 21.
Rg3 Bf6 22. Re1 h6 23. Rd1 b5 24. a3 Qc6 25. Rd2 Qc5 26. h4 Rd8 27. Ne2 e4 28.
Nxd4 Qxd4 29. c3 Qe5 30. Bf1 Ke7 31. Re3 Rhg8 32. g3 Qf4 33. Kh2 Rxg3 34. fxg3
Qxe3 35. Qe2 Qc5 36. Bg2 Be5 37. Qg4 Rd6 38. Bf1 Rd8 39. Bg2 Qe3 40. Rc2 Qc5
41. Rd2 Rh8 42. Rd1 Kf6 43. Rd2 Bc7 44. h5 Re8 45. Re2 Qd6 46. Rd2 Qe5 47. Rd1
Ke7 48. Rf1 f6 49. Rd1 Kd6 50. Re1 Kc6 51. Re3 Qe7 52. Qg6 Rh8 53. Bf1 Rh7 54.
Qg4 Rg7 55. Qh4 Rg5 56. Bh3 Qc5 0-1

[Event "Campionatul National de sah Clasic pt. "]
[Site "?"]
[Date "2014.04.09"]
[Round "?"]
[White "Miroi, Robert Andrei"]
[Black "Patrascu, Catalin  Lucian"]
[Result "1/2-1/2"]
[WhiteElo "1841"]
[BlackElo "2031"]
[PlyCount "68"]
[EventDate "2014.??.??"]

1. e4 e6 2. d3 c5 3. Nd2 Nc6 4. Ngf3 g6 5. g3 Bg7 6. Bg2 Nge7 7. O-O O-O 8. Re1
d5 9. e5 Qc7 10. Qe2 b5 11. c3 b4 12. Nb3 c4 13. dxc4 Ba6 14. Bg5 Bxc4 15. Qd2
bxc3 16. Qxc3 Bxb3 17. Qxb3 Rab8 18. Qa3 h6 19. Bf6 Rfe8 20. Rac1 Qb6 21. b3
Nb4 22. Bf1 Nec6 23. Qb2 Bxf6 24. exf6 d4 25. a3 Nd5 26. Qc2 Qxb3 27. Qxc6 Qxf3
28. Bg2 Qf5 29. Be4 Qg5 30. h4 Qh5 31. Rc4 Red8 32. Bxd5 exd5 33. Qc7 d3 34.
Re7 g5 1/2-1/2

[Event "FISCA Open D 2013"]
[Site "Cap Aurora ROU"]
[Date "2013.06.23"]
[Round "2.9"]
[White "Daianu, Cristian Clement"]
[Black "Patrascu, Catalin  Lucian"]
[Result "1-0"]
[WhiteElo "2245"]
[BlackElo "1966"]
[PlyCount "69"]
[EventDate "2013.06.22"]

1. e4 c5 2. Nf3 d6 3. d4 cxd4 4. Nxd4 Nf6 5. Nc3 a6 6. Bc4 e6 7. Be3 Be7 8. f3
Qc7 9. Qe2 Nc6 10. g4 O-O 11. O-O-O b5 12. Bb3 Nxd4 13. Rxd4 Bb7 14. h4 Nd7 15.
g5 Nc5 16. Kb1 Qa5 17. Qf2 b4 18. Ne2 Nxb3 19. axb3 d5 20. e5 Qc7 21. f4 Bc5
22. Rhd1 Bxd4 23. Nxd4 Bc6 24. f5 exf5 25. Nxf5 Rfe8 26. Bd4 Re6 27. Re1 a5 28.
Bb6 Qd7 29. Nd4 Ree8 30. h5 a4 31. g6 hxg6 32. hxg6 Rf8 33. e6 fxg6 34. exd7
Rxf2 35. Nxc6 1-0

[Event "CN Juniori 2013 - B14"]
[Site "Calimanesti-Caciulata"]
[Date "2013.04.02"]
[Round "1.5"]
[White "Dumitrescu, George-Mihai"]
[Black "Patrascu, Catalin  Lucian"]
[Result "0-1"]
[WhiteElo "1615"]
[BlackElo "1970"]
[PlyCount "70"]
[EventDate "2013.04.02"]
[EventRounds "9"]

1. d4 d5 2. Nf3 Nf6 3. e3 e6 4. Bd3 Nbd7 5. Nbd2 c5 6. c3 Bd6 7. O-O O-O 8. b3
e5 9. dxe5 Nxe5 10. Nxe5 Bxe5 11. Bb2 Bc7 12. c4 Qd6 13. f4 Ng4 14. Rf3 Rd8 15.
e4 Qh6 16. h3 Bxf4 17. Bc1 Be3+ 18. Kh1 Ne5 19. Bc2 Nxf3 20. Nxf3 Bxc1 21. Rxc1
d4 22. Rb1 Qe3 23. Bd3 a5 24. Qc2 Bxh3 25. Re1 Qf4 26. e5 g6 27. Be4 Bf5 28.
Bxf5 Qxf5 29. Qd2 Re8 30. Qe2 Re7 31. Nh4 Qe6 32. Nf3 Rd8 33. Qd2 b6 34. Qh6
Qg4 35. Kg1 f6 0-1

[Event "CN Juniori 2013 - B14"]
[Site "Calimanesti-Caciulata"]
[Date "2013.04.03"]
[Round "2.5"]
[White "Patrascu, Catalin  Lucian"]
[Black "Hincu, Andrei"]
[Result "1-0"]
[WhiteElo "1970"]
[BlackElo "1708"]
[PlyCount "59"]
[EventDate "2013.04.02"]
[EventRounds "9"]

1. d4 d5 2. c4 Nc6 3. cxd5 Qxd5 4. Nf3 e5 5. dxe5 Qxd1+ 6. Kxd1 Bg4 7. Nc3 Bxf3
8. gxf3 Nxe5 9. Bf4 O-O-O+ 10. Kc2 Bd6 11. Nb5 f6 12. Nxa7+ Kb8 13. Nb5 Bc5 14.
Bxe5 fxe5 15. e3 Nf6 16. Bh3 e4 17. f4 Nd5 18. a3 g6 19. Be6 c6 20. Bxd5 cxd5
21. Rad1 Rhf8 22. Rhg1 Rf5 23. Rg5 Rxg5 24. fxg5 b6 25. Nc3 d4 26. b4 d3+ 27.
Kd2 Bd6 28. Nxe4 Be5 29. f4 Bb2 30. Rb1 1-0

[Event "CN Juniori 2013 - B14"]
[Site "Calimanesti-Caciulata"]
[Date "2013.04.03"]
[Round "3.5"]
[White "Sandu, Marian-Catalin"]
[Black "Patrascu, Catalin  Lucian"]
[Result "1-0"]
[WhiteElo "1820"]
[BlackElo "1970"]
[PlyCount "53"]
[EventDate "2013.04.02"]
[EventRounds "9"]

1. d4 d5 2. c4 c6 3. Nc3 Nf6 4. Bg5 e6 5. e3 Be7 6. Nf3 O-O 7. Bd3 a6 8. O-O b5
9. c5 Nbd7 10. b4 h6 11. Bf4 Nh5 12. Ne5 Nxe5 13. Bxe5 Nf6 14. a4 Bb7 15. Qc2
Qd7 16. Qe2 Rfc8 17. f4 Ne8 18. f5 Nf6 19. Bc2 Nh7 20. fxe6 fxe6 21. Qd3 Nf8
22. Rxf8+ Kxf8 23. Rf1+ Ke8 24. Qh7 Kd8 25. Qxg7 Qe8 26. Bg6 Qd7 27. Rf8+ 1-0

[Event "CN Juniori 2013 - B14"]
[Site "Calimanesti-Caciulata"]
[Date "2013.04.04"]
[Round "4.5"]
[White "Patrascu, Catalin  Lucian"]
[Black "Benedek, Istvan"]
[Result "1/2-1/2"]
[WhiteElo "1970"]
[BlackElo "1741"]
[PlyCount "76"]
[EventDate "2013.04.02"]
[EventRounds "9"]

1. d4 Nf6 2. c4 g6 3. Nc3 d5 4. cxd5 Nxd5 5. e4 Nxc3 6. bxc3 Bg7 7. Nf3 c5 8.
Be3 Nc6 9. Qd2 Qa5 10. Rc1 Bg4 11. d5 Rd8 12. Qb2 Bxf3 13. gxf3 Nd4 14. Bxd4
cxd4 15. Qb5+ Qxb5 16. Bxb5+ Kf8 17. cxd4 Bxd4 18. Rc7 Rb8 19. Ke2 Be5 20. Rc5
Kg7 21. h4 Rbc8 22. Rhc1 Rxc5 23. Rxc5 f6 24. Bd7 b6 25. Rc6 Bd6 26. Bh3 Kh6
27. Bg4 Rf8 28. h5 f5 29. Bxf5 gxf5 30. e5 Rd8 31. exd6 Rxd6 32. Ke3 Kxh5 33.
Kd4 Rd7 34. Ke5 Kg5 35. f4+ Kg4 36. Rh6 b5 37. Rxh7 a5 38. Rg7+ Kf3 1/2-1/2

[Event "CN Juniori 2013 - B14"]
[Site "Calimanesti-Caciulata"]
[Date "2013.04.05"]
[Round "5.6"]
[White "Vasiliu, Cosmin"]
[Black "Patrascu, Catalin  Lucian"]
[Result "1/2-1/2"]
[WhiteElo "1834"]
[BlackElo "1970"]
[PlyCount "96"]
[EventDate "2013.04.02"]
[EventRounds "9"]

1. d4 d5 2. c4 c6 3. Nf3 Nf6 4. Nc3 e6 5. Bg5 Nbd7 6. e3 Qa5 7. Nd2 Bb4 8. Qc2
O-O 9. Be2 e5 10. O-O exd4 11. Nb3 Qb6 12. exd4 dxc4 13. Bxc4 a5 14. a4 h6 15.
Bh4 Qc7 16. Rae1 Bd6 17. h3 Nb6 18. Bxf6 Nxc4 19. Ne4 Bh2+ 20. Kh1 Nd6 21. Kxh2
Nxe4+ 22. Be5 Nd6 23. Qc5 Rd8 24. d5 Qd7 25. Nd4 Nf5 26. dxc6 bxc6 27. Nxc6 Re8
28. Rd1 Qe6 29. Rfe1 Bb7 30. Nd4 Nxd4 31. Qxd4 Qg6 32. Qg4 Qxg4 33. hxg4 Bc6
34. b3 f6 35. Bd4 Rxe1 36. Rxe1 Rb8 37. Rb1 Bxa4 38. Bc3 Rxb3 39. Rxb3 Bxb3 40.
Bxa5 Kf7 41. Kg3 g5 42. Bb4 Kg6 43. Bc5 h5 44. gxh5+ Kxh5 45. Be7 f5 46. Bd6
Bd5 47. f4 gxf4+ 48. Bxf4 Bxg2 1/2-1/2

[Event "CN Juniori 2013 - B14"]
[Site "Calimanesti-Caciulata"]
[Date "2013.04.05"]
[Round "6.6"]
[White "Patrascu, Catalin  Lucian"]
[Black "Negulescu, Alexandru"]
[Result "1-0"]
[WhiteElo "1970"]
[BlackElo "1653"]
[PlyCount "104"]
[EventDate "2013.04.02"]
[EventRounds "9"]

1. d4 c5 2. d5 e5 3. e4 d6 4. Nc3 Be7 5. Nf3 h6 6. Bb5+ Bd7 7. a4 b6 8. Qe2 a6
9. Bxd7+ Nxd7 10. h3 Bg5 11. Nxg5 hxg5 12. Qg4 f6 13. Nd1 Qe7 14. Ne3 Nh6 15.
Qh5+ Kd8 16. Bd2 Kc7 17. Qe2 g6 18. Qd3 f5 19. exf5 e4 20. f6 Nxf6 21. Qc4 Nd7
22. O-O-O Nf5 23. Rhe1 Nd4 24. Bc3 Ne5 25. Qf1 Nf5 26. Ng4 Rhf8 27. Nxe5 dxe5
28. Rxe4 Nd4 29. Bxd4 cxd4 30. Rdxd4 Qd6 31. Rd2 Kb7 32. Qd3 Rac8 33. Rde2 Rfe8
34. g3 Rc5 35. Rd2 Rec8 36. Rg4 Qd7 37. Qxg6 R8c7 38. Qe4 Ka7 39. Qxe5 Qh7 40.
Qe4 Qxh3 41. Qe2 Qh1+ 42. Qd1 Qh6 43. d6 Rd7 44. Rgd4 Qe6 45. Kb1 Re5 46. Qf3
Re1+ 47. Rd1 Re2 48. Rd5 g4 49. Qf5 Qe8 50. a5 b5 51. Qxg4 Re4 52. Qf3 Kb7 1-0

[Event "CN Juniori 2013 - B14"]
[Site "Calimanesti-Caciulata"]
[Date "2013.04.06"]
[Round "7.3"]
[White "Geiger, Alex-Emanuel"]
[Black "Patrascu, Catalin  Lucian"]
[Result "1-0"]
[WhiteElo "1989"]
[BlackElo "1970"]
[PlyCount "44"]
[EventDate "2013.04.02"]
[EventRounds "9"]

1. e4 c5 2. Nf3 d6 3. d4 cxd4 4. Qxd4 a6 5. c4 e6 6. Nc3 Nf6 7. Be2 Be7 8. h3
Nc6 9. Qd1 O-O 10. Be3 Bd7 11. O-O Rc8 12. a3 h6 13. Rc1 Kh8 14. b4 Rg8 15. Qc2
g5 16. Rfd1 Nh7 17. b5 Na5 18. c5 axb5 19. cxd6 Bf6 20. e5 Bg7 21. Qb2 Nc6 22.
Qxb5 Nxe5 1-0

[Event "CN Juniori 2013 - B14"]
[Site "Calimanesti-Caciulata"]
[Date "2013.04.07"]
[Round "8.6"]
[White "Patrascu, Catalin  Lucian"]
[Black "Stejeroiu, Vlad"]
[Result "1-0"]
[WhiteElo "1970"]
[BlackElo "1666"]
[PlyCount "113"]
[EventDate "2013.04.02"]
[EventRounds "9"]

1. d4 d5 2. c4 e6 3. Nc3 c6 4. cxd5 exd5 5. Bf4 Bd6 6. Bxd6 Qxd6 7. Nf3 Nf6 8.
Qc2 Be6 9. e3 Nbd7 10. Bd3 Qc7 11. O-O O-O 12. Rfc1 Nb6 13. Ne5 h6 14. Rab1
Nfd7 15. Nxd7 Qxd7 16. b4 a6 17. Na4 Nxa4 18. Qxa4 Bf5 19. Bxf5 Qxf5 20. Qa5
Qd7 21. Qb6 Rfc8 22. a4 Rab8 23. g3 Ra8 24. Kg2 Kh7 25. Rb2 Qe7 26. Rbc2 Qd7
27. h3 g6 28. Kh2 Rab8 29. Rb2 Kg7 30. Kg2 Kh7 31. Rbb1 Kg7 32. Rc5 Qf5 33.
Rbc1 Qd7 34. Rb1 Qf5 35. Rb2 Qd7 36. b5 axb5 37. axb5 cxb5 38. Qxb5 Qxb5 39.
Rcxb5 Rd8 40. Rxb7 Rxb7 41. Rxb7 Kf6 42. Kf3 Ke6 43. Rb6+ Ke7 44. Kf4 f6 45. g4
Kf7 46. Rb7+ Kg8 47. h4 g5+ 48. Kf5 gxh4 49. Rb1 Rc8 50. Rh1 Rc2 51. f4 Re2 52.
Rxh4 Rxe3 53. Rxh6 Re4 54. Rxf6 Rxd4 55. Rd6 Rd1 56. Ke5 Rg1 57. g5 1-0

[Event "CN Juniori 2013 - B14"]
[Site "Calimanesti-Caciulata"]
[Date "2013.04.08"]
[Round "9.4"]
[White "Costachi, Mihnea"]
[Black "Patrascu, Catalin  Lucian"]
[Result "1-0"]
[WhiteElo "2085"]
[BlackElo "1970"]
[PlyCount "77"]
[EventDate "2013.04.02"]
[EventRounds "9"]

1. d4 d5 2. c4 c6 3. Nc3 Nf6 4. cxd5 cxd5 5. Bf4 Nc6 6. e3 e6 7. Nf3 Be7 8. h3
O-O 9. Bd3 a6 10. g4 g6 11. Rc1 Re8 12. Bg3 Bf8 13. O-O Bg7 14. Ne5 Nxe5 15.
dxe5 Nd7 16. f4 b5 17. e4 b4 18. Na4 Bb7 19. exd5 Bxd5 20. Bc4 Nb6 21. Nxb6
Qxb6+ 22. Bf2 Qb7 23. Bxd5 exd5 24. Rc5 Red8 25. Qd4 Rac8 26. Rxc8 Qxc8 27.
Qxb4 h5 28. Qc5 Qe6 29. Qb6 hxg4 30. Qxd8+ Bf8 31. Bc5 gxh3 32. Qxf8+ Kh7 33.
f5 gxf5 34. Qd6 Qe8 35. Kh2 Qb5 36. Rf2 Qd3 37. Qf6 Kg8 38. Qg5+ Kh8 39. Bf8
1-0

[Event "Campionatul National individual  de sen"]
[Site "Olanesti"]
[Date "2013.02.17"]
[Round "2.49"]
[White "Rusu, Gheorghe"]
[Black "Patrascu, Catalin  Lucian"]
[Result "0-1"]
[WhiteElo "1683"]
[BlackElo "1937"]
[PlyCount "90"]
[EventDate "2013.02.16"]
[EventRounds "9"]

1. e4 c5 2. Nf3 d6 3. Bc4 Nc6 4. Nc3 g6 5. d4 cxd4 6. Nxd4 Bg7 7. Be3 Nf6 8.
Qd2 Ng4 9. O-O-O Nxe3 10. fxe3 O-O 11. h4 h5 12. Nf3 Bg4 13. Nd5 Ne5 14. Be2
Rc8 15. Kb1 Nc4 16. Bxc4 Rxc4 17. Qd3 b5 18. b3 Rc5 19. Rd2 Bxf3 20. gxf3 e6
21. Nf4 Qf6 22. Qd4 e5 23. Nd5 exd4 24. Nxf6+ Bxf6 25. exd4 Rc3 26. f4 Rf3 27.
e5 Bg7 28. Re1 Rxf4 29. exd6 Rxd4 30. Red1 Rxd2 31. Rxd2 b4 32. d7 Rd8 33. Rd3
Kf8 34. Kc1 Ke7 35. Kd2 Rxd7 36. Rxd7+ Kxd7 37. Kd3 Bf6 38. Kc4 Bxh4 39. Kxb4
Bg3 40. Kb5 h4 41. c4 h3 42. c5 h2 43. b4 h1=Q 44. a4 Qf1+ 45. Ka5 Bc7# 0-1

[Event "Campionatul National individual  de sen"]
[Site "Olanesti"]
[Date "2013.02.18"]
[Round "3.30"]
[White "Patrascu, Catalin  Lucian"]
[Black "Veneteanu, Ion Cristian"]
[Result "0-1"]
[WhiteElo "1937"]
[BlackElo "2152"]
[PlyCount "80"]
[EventDate "2013.02.16"]
[EventRounds "9"]

1. e4 c5 2. Nf3 Nc6 3. d4 cxd4 4. Nxd4 g6 5. Nc3 Bg7 6. Be3 Nf6 7. Bc4 O-O 8.
Bb3 d6 9. f3 Na5 10. Qd2 Bd7 11. O-O Nxb3 12. Nxb3 Re8 13. Bd4 Bc6 14. a4 e5
15. Be3 d5 16. exd5 Nxd5 17. Nxd5 Bxd5 18. Rfd1 Bxb3 19. cxb3 Qe7 20. Bg5 Qe6
21. Qd5 Qb6+ 22. Kh1 h6 23. a5 Qe6 24. Qxe6 Rxe6 25. Bd2 e4 26. fxe4 Bxb2 27.
Rab1 Bg7 28. Be3 Rxe4 29. Bc5 Bf8 30. Bxf8 Rxf8 31. b4 Rfe8 32. Kg1 R8e5 33.
Rd7 Re7 34. Rd8+ Kg7 35. Ra8 a6 36. Rd8 Re2 37. Rd6 Ra2 38. Rd3 Ree2 39. Rg3 h5
40. Rf1 Reb2 0-1

[Event "Campionatul National individual  de sen"]
[Site "Olanesti"]
[Date "2013.02.18"]
[Round "4.42"]
[White "Ciortan, Mihail"]
[Black "Patrascu, Catalin  Lucian"]
[Result "0-1"]
[WhiteElo "1708"]
[BlackElo "1937"]
[PlyCount "127"]
[EventDate "2013.02.16"]
[EventRounds "9"]

1. b3 e5 2. Bb2 Nc6 3. c4 Bc5 4. Nc3 Nf6 5. g3 d5 6. cxd5 Nxd5 7. Bg2 Be6 8. d3
Qd7 9. Qd2 f6 10. Nf3 O-O-O 11. O-O-O Bxf2 12. Nxd5 Qxd5 13. Kb1 Bb6 14. Ne1
Qd6 15. Rc1 Bd5 16. Bh3+ Kb8 17. Rf1 Rhe8 18. e3 Be4 19. Rd1 Qc5 20. Bc1 Bg6
21. Bf5 Bxf5 22. Rxf5 Ne7 23. Rf3 Nd5 24. Kb2 Ba5 25. Qc2 Bc3+ 26. Kb1 Nb4 27.
Qe2 Bxe1 28. Rxe1 Nxd3 29. Rd1 e4 30. Rff1 Nxc1 31. Rxc1 Qe5 32. Rcd1 a6 33.
Qc4 c6 34. Qf7 Qc7 35. Rxd8+ Rxd8 36. Qe6 Qd6 37. Qxe4 Qd3+ 38. Qxd3 Rxd3 39.
Re1 Rd2 40. h4 Rg2 41. e4 Rxg3 42. e5 fxe5 43. Rxe5 h6 44. h5 Ka7 45. Kc2 Rg2+
46. Kb1 Kb6 47. Rf5 Rg5 48. Rxg5 hxg5 49. Kc2 Kc5 50. Kd3 Kd5 51. Ke3 Ke5 52.
Kf3 Kf5 53. a4 b5 54. axb5 axb5 55. b4 g4+ 56. Kg3 Kg5 57. Kg2 Kxh5 58. Kg3 Kg5
59. Kg2 Kf4 60. Kf2 g3+ 61. Kg2 Kg4 62. Kg1 Kf3 63. Kf1 g2+ 64. Kg1 0-1